00639nam a22001692 4500001001100000005001700011008004100028020002600069040001500095245012100110260004400231300001500275650003800290650007300328700003500401700003300436000000698120151217155831.0071105s xx 000 0 eng d a0821342576 :cKES 900 aKABUcKABU10aCurbing corruption :btoward a model for building national integrity /ced. by Rick Stapenhurst and Sahr J. Kpundeh. aWashington, D. C. :bWorld Bank,c1999. ax, 254 p. 0aPolitical corruption.@0000157976 0aPolitical corruptioncAfrica, Sub-SaharanxCase studies.@00001579771 aStapenhurst, Rick.@00001579781 aKpundeh, Sahr J.@0000157979